<?xml version="1.0" encoding="UTF-8"?>
<record
    xmlns:xsi="http://www.w3.org/2001/XMLSchema-instance"
    xsi:schemaLocation="http://www.loc.gov/MARC21/slim http://www.loc.gov/standards/marcxml/schema/MARC21slim.xsd"
    xmlns="http://www.loc.gov/MARC21/slim">

  <leader>00946nam a2200265 a 4500</leader>
  <controlfield tag="001">1191074</controlfield>
  <controlfield tag="003">AZXSCDVFGTRE</controlfield>
  <controlfield tag="005">20220326193259.0</controlfield>
  <controlfield tag="008">970821s1997    fr       b    000 1 fre  </controlfield>
  <datafield tag="010" ind1=" " ind2=" ">
    <subfield code="a">   97185905 </subfield>
  </datafield>
  <datafield tag="020" ind1=" " ind2=" ">
    <subfield code="a">2742711635</subfield>
  </datafield>
  <datafield tag="040" ind1=" " ind2=" ">
    <subfield code="a">DLC</subfield>
    <subfield code="c">DLC</subfield>
  </datafield>
  <datafield tag="050" ind1="0" ind2="0">
    <subfield code="a">PQ2670.E2</subfield>
    <subfield code="b">D38 1997</subfield>
  </datafield>
  <datafield tag="082" ind1="0" ind2="0">
    <subfield code="a">843.914</subfield>
    <subfield code="b">J43d</subfield>
  </datafield>
  <datafield tag="100" ind1="1" ind2=" ">
    <subfield code="a">Jean, Raymond,</subfield>
    <subfield code="d">1925-</subfield>
    <subfield code="9">1236</subfield>
  </datafield>
  <datafield tag="245" ind1="1" ind2="3">
    <subfield code="a">Le dessus et le dessous, ou, L'&#xE9;rotique de Mirabeau :</subfield>
    <subfield code="b">roman/essai /</subfield>
    <subfield code="c">Raymond Jean.</subfield>
  </datafield>
  <datafield tag="246" ind1="3" ind2="0">
    <subfield code="a">Erotique de Mirabeau</subfield>
  </datafield>
  <datafield tag="260" ind1=" " ind2=" ">
    <subfield code="a">Arles :</subfield>
    <subfield code="b">Actes Sud,</subfield>
    <subfield code="c">c1997.</subfield>
  </datafield>
  <datafield tag="300" ind1=" " ind2=" ">
    <subfield code="a">188, [4] p. ;</subfield>
    <subfield code="c">22 cm.</subfield>
  </datafield>
  <datafield tag="504" ind1=" " ind2=" ">
    <subfield code="a">Includes bibliographical references (p. [191]).</subfield>
  </datafield>
  <datafield tag="600" ind1="1" ind2="0">
    <subfield code="a">Mirabeau, Honor&#xE9;-Gabriel de Riquetti,</subfield>
    <subfield code="c">comte de,</subfield>
    <subfield code="d">1749-1791</subfield>
    <subfield code="x">Fiction.</subfield>
    <subfield code="9">1237</subfield>
  </datafield>
  <datafield tag="650" ind1=" " ind2=" ">
    <subfield code="a">novela</subfield>
    <subfield code="x">ficcion</subfield>
    <subfield code="y">s. XX</subfield>
    <subfield code="z">Francia</subfield>
    <subfield code="9">1238</subfield>
  </datafield>
  <datafield tag="906" ind1=" " ind2=" ">
    <subfield code="a">7</subfield>
    <subfield code="b">cbc</subfield>
    <subfield code="c">orignew</subfield>
    <subfield code="d">3</subfield>
    <subfield code="e">ncip</subfield>
    <subfield code="f">19</subfield>
    <subfield code="g">y-gencatlg</subfield>
  </datafield>
  <datafield tag="999" ind1=" " ind2=" ">
    <subfield code="c">270</subfield>
    <subfield code="d">270</subfield>
  </datafield>
  <datafield tag="952" ind1=" " ind2=" ">
    <subfield code="0">0</subfield>
    <subfield code="1">0</subfield>
    <subfield code="2">ddc</subfield>
    <subfield code="4">0</subfield>
    <subfield code="7">0</subfield>
    <subfield code="a">LV</subfield>
    <subfield code="b">LV</subfield>
    <subfield code="c">Literatura</subfield>
    <subfield code="d">2014-07-11</subfield>
    <subfield code="l">0</subfield>
    <subfield code="o">843.914 J43d</subfield>
    <subfield code="p">000275</subfield>
    <subfield code="r">2014-07-11 00:00:00</subfield>
    <subfield code="w">2014-07-11</subfield>
    <subfield code="y">01</subfield>
  </datafield>
</record>
